|
|
|
|
| LEADER |
00000nam0a2200000 4500 |
| 001 |
285888 |
| 005 |
20231101235835.0 |
| 035 |
|
|
|a (RuTPU)RU\TPU\book\310175
|
| 090 |
|
|
|a 285888
|
| 100 |
|
|
|a 20150302d1984 m y0rusy5003 ca
|
| 102 |
|
|
|a RU
|
| 105 |
|
|
|a a j 001zy
|
| 200 |
1 |
|
|a Основы радиолокации и телеведения
|e учебник
|f А. Немец, В. Федотов
|
| 205 |
|
|
|a 3-е изд., перераб. и доп.
|
| 210 |
|
|
|a Москва
|c Высшая школа
|d 1984
|
| 215 |
|
|
|a 208 с.
|c ил.
|
| 320 |
|
|
|a Библиогр.: с. 206
|
| 606 |
|
|
|a Радиолокация
|2 stltpush
|3 (RuTPU)RU\TPU\subj\22835
|9 47522
|
| 606 |
|
|
|a Телевидение
|2 stltpush
|3 (RuTPU)RU\TPU\subj\72657
|9 86077
|
| 610 |
1 |
|
|a радиолокационные станции
|
| 610 |
1 |
|
|a узлы
|
| 610 |
1 |
|
|a индикаторы
|
| 610 |
1 |
|
|a синхронизаторы
|
| 610 |
1 |
|
|a антенные переключатели
|
| 610 |
1 |
|
|a физические основы
|
| 610 |
1 |
|
|a изображения
|
| 610 |
1 |
|
|a передача
|
| 610 |
1 |
|
|a прием
|
| 610 |
1 |
|
|a сканирование
|
| 610 |
1 |
|
|a антенные решетки
|
| 610 |
1 |
|
|a транзисторные схемы
|
| 610 |
1 |
|
|a учебники
|
| 675 |
|
|
|a 621.396.96(075.32)
|z rus
|v 3
|
| 675 |
|
|
|a 621.397.13(075.32)
|z rus
|v 3
|
| 700 |
|
1 |
|a Немец
|b А. А.
|g Абрам Аронович
|
| 701 |
|
1 |
|a Федотов
|b В. И.
|g Вячеслав Иванович
|
| 801 |
|
0 |
|a RU
|b RuMRKP
|c 19950417
|g psbo
|
| 801 |
|
1 |
|a RU
|b 63413507
|c 20150302
|
| 801 |
|
2 |
|a RU
|b 63413507
|c 20180111
|g RCR
|
| 942 |
|
|
|c BK
|